Стандартизация и метрология в нанотехнологиях

Podrobná bibliografie
Hlavní autor: Окрепилов В. В. Владимир Валентинович
Shrnutí:Монография впервые освещает место и роль стандартизации и метрологии при действиях с объектами, относящимися к нанодиапазону. В книге содержатся сведения о разрабатываемых международных и национальных стандартах в области наноиндустрии, совершенствовании эталонной базы, создании системы информационного обеспечения проводимых работ.Книга предназначена для ученых и специалистов, вовлеченных в процесс разработки, производства и применения нанотехнологий, наноматериалов и другой нанопродукции, а также создающих средства измерений и разрабатывающих нормативно-технические документы в области наноиндустрии. Книга может быть полезна при обучении специалистов, связанных с нанотехнологиями, и будет интересна широкому кругу читателей, изучающих развитие науки и техники.
Jazyk:ruština
Vydáno: СПб., Наука, 2008
Témata:
Médium: MixedMaterials Kniha
KOHA link:https://koha.lib.tpu.ru/cgi-bin/koha/opac-detail.pl?biblionumber=163227

MARC

LEADER 00000nam0a2200000 4500
001 163227
005 20231101222400.0
010 |a 9785020253391  |b (в пер.)  |b 200 экз. 
021 |a RU  |b 09-19010  |9 09-1129 
035 |a (RuTPU)RU\TPU\book\177086 
090 |a 163227 
100 |a 20090810d2008 k y0rusy5002 ca 
101 0 |a rus 
102 |a RU 
105 |a a z 001zy 
200 1 |a Стандартизация и метрология в нанотехнологиях  |f В. В. Окрепилов 
210 |a СПб.  |c Наука  |d 2008 
215 |a 263 с.  |c ил. 
320 |a Библиогр.: с. 198-206. 
330 |a Монография впервые освещает место и роль стандартизации и метрологии при действиях с объектами, относящимися к нанодиапазону. В книге содержатся сведения о разрабатываемых международных и национальных стандартах в области наноиндустрии, совершенствовании эталонной базы, создании системы информационного обеспечения проводимых работ.Книга предназначена для ученых и специалистов, вовлеченных в процесс разработки, производства и применения нанотехнологий, наноматериалов и другой нанопродукции, а также создающих средства измерений и разрабатывающих нормативно-технические документы в области наноиндустрии. Книга может быть полезна при обучении специалистов, связанных с нанотехнологиями, и будет интересна широкому кругу читателей, изучающих развитие науки и техники. 
606 0 |a Стандартизация  |2 stltpush  |9 83373 
606 0 |a Метрология  |2 stltpush  |9 62988 
606 1 |a Нанотехнология  |2 stltpush  |3 (RuTPU)RU\TPU\subj\51510  |9 70088 
610 1 |a нанотехнологии 
610 1 |a термины 
610 1 |a определения 
610 1 |a стандартизация 
610 1 |a метрология 
610 1 |a Россия 
610 1 |a наноиндустрия 
610 1 |a эталоны 
675 |a 620.3  |v 3 
700 1 |a Окрепилов  |b В. В.  |g Владимир Валентинович  |4 070 
801 0 |a RU  |b 63413507  |c 20090330  |g PSBO 
801 1 |a RU  |b 63413507  |c 20090810  |g PSBO 
801 2 |a RU  |b 63413507  |c 20100824  |g RCR 
830 |a <b><br />&nbsp;&nbsp;&nbsp;&nbsp;<b>Окрепилов В. В.</b> Стандартизация и метрология в нанотехнологиях / В. В. Окрепилов. - СПб. : Наука. С.-Петерб. изд. фирма, 2008. - 263 с. : ил.; 21 см. - На тит. с.: Акад. книгоиздательство России-280 лет. - Библиогр.: с. 198-206. - 200 экз. - 978-5-02-025339-1 (в пер.). - [09-19010]<br />&nbsp;&nbsp;&nbsp;&nbsp;- - 1. Стандартизация. 2. Метрология. </p><p style='text-align:right'>УДК 006 <br />ББК 30.10 </p> 
942 |c BK